000 00389 a2200169 4500
001 68826
020 _a8516042758
040 _cAnchieta - Itaigara
100 _aQueirós, Bartolemeu Campos de
240 1 0 _aO guarda-chuva do guarda
_lpor
245 1 0 _aO guarda-chuva do guarda
300 _a31
362 0 _a2004
440 1 _aModerna
650 4 _aLiteratura infantil
942 _cBK
999 _c68826
_d68826